000 00743nam a2200253 a 4500
001 76818
003 BD-RjUL
005 20211209082907.0
008 740516s1966 nyu 000 1 eng
035 _a(BD-RjUL)77042
035 _a(OCoLC)888918
040 _aDLC
_cOClCo
_dOCoLC
_dCSto
_dDLC
_dBD-RjUL
_beng
041 _aeng
082 _223
_a813.5
_bSLS 1966
100 1 _aSlaughter, Frank G.
_q(Frank Gill),
_d1908-2001.
_958510
245 1 0 _aSurgeon, U.S.A. /
_c[by] Frank G. Slaughter.
250 _a1st ed.
260 _aGarden City, N.Y. :
_bDoubleday,
_c1966.
300 _a402 p.:
_c22 cm.
650 0 _aWorld War, 1939-1945
_xFiction.
_9238076
942 _2ddc
_cBK
999 _c76818
_d76818